Scènes d'Harry Potter 5 dans le désordre - Statistiques

Statistiques générales
  • Ce quiz a été pris 209 fois
    27 depuis la dernière actualisation
  • Le résultat moyen est 9 sur 18
Statistiques - réponses
Hint Explanation Réponse % Correct
Chapitres 1 et 2 Dudley détraqué et Crises de bec
100%
Chapitres 14 à 16 Percy et Patmol, La grande inquisitrice de Poudlard et À La Tête de Sanglier
89%
Chapitres 3 à 6 La garde rapprochée, 12, square Grimmaurd, L’Ordre du Phénix et La noble et très ancienne maison des Black
89%
Chapitres 7 à 9 Le ministère de la Magie, L’audience et Les malheurs de Mrs Weasley
89%
Chapitres 10 à 12 Luna Lovegood, La nouvelle chanson du Choixpeau magique et Le professeur Ombrage
89%
Chapitres 17 et 18 Décret d’éducation numéro vingt-quatre et L’armée de Dumbledore
67%
Chapitre 13 Retenue douloureuse avec Dolores
56%
Chapitre 26 Vu et imprévu
56%
Chapitres 27 et 28 Le centaure et le cafard et Le pire souvenir de Rogue
44%
Chapitres 37 et 38 La prophétie perdue
33%
Chapitres 19 à 21 Le lion et le serpent, Le récit de Hagrid et L’œil du serpent
33%
Chapitres 31 Buse
33%
Chapitres 32 et 33 Hors du feu et Lutte et fugue
22%
Chapitres 35 et 36 Au-delà du voile et Le seul qu’il ait jamais craint
22%
Chapitre 34 Le Département des Mystères
22%
Chapitres 22 à 24 L’hôpital Ste Mangouste pour les maladies et blessures magiques, Noël dans la salle spéciale et Occlumancie
11%
Chapitre 25 Le scarabée sous contrôle
11%
Chapitres 29 et 30 Conseils d’orientation et Graup
11%
Aucun quiz correspondant
Distribution des résultats
% des personnes avec chaque résultat
Percentile par nombre de réponses
Votre historique - résultats
Vous n’avez pas pris ce quiz depuis la dernière actualisation